00618 2200217 4500001002100000005001500021035002000036007000300056008004100059020002200100082001600122084002200138100001900160245003900179250002000218260006500238300003200303650002600335650002100361856001800382INLIS00000000000004520250710114911 a0010-0725000045ta250710 a 0 ind  a978-623-118-823-6 a398.209 598 a398.209 598 PRI b0 aPrima duantika1 aBubur pedas arum /cPrima duantika aCetakan pertama aRawamangun :bBadan pengembangan dan pembinaan bahasa,c2024 a24 hlm. :bIlus. ;c29,7 cm 4aCerita anak-indonesia 4aCerita bergambar aTBM As suhada